|
|
|
|
| LEADER |
00000nab a2200000 a 4500 |
| 001 |
vtls009320932 |
| 003 |
SK-MaSNL |
| 005 |
20260303192015.0 |
| 008 |
080812 2008 xo w n 000 0 slo |
| 038 |
|
|
|a SLLK
|
| 040 |
|
|
|a SLLK
|b slo
|c sllk
|e AACR2
|
| 041 |
0 |
|
|a slo
|
| 044 |
|
|
|a xo
|c SK
|
| 080 |
|
|
|a 351.74
|2 1997
|
| 245 |
0 |
0 |
|a V uniforme dopravnej policajtky z cíti ako ryba vo vode
|c Text (hm) ; foto (Viktor Zamborský)
|
| 300 |
|
|
|b Fotogr.
|
| 600 |
1 |
7 |
|a Železniková, Alena
|2 sllk
|9 1222023
|
| 648 |
|
7 |
|a 2008
|2 snkbucl
|9 317238
|
| 650 |
0 |
7 |
|a policajti
|2 snkbucl
|9 4252
|
| 650 |
0 |
7 |
|a polícia
|x ženy
|x uplatnenie
|2 snkbucl
|9 1222024
|
| 651 |
|
7 |
|a Stará Ľubovňa (Slovensko)
|2 snkbucl
|9 19193
|
| 700 |
1 |
|
|a Zamborský, Viktor,
|d 1957-
|4 pht
|4 aut
|9 371463
|
| 773 |
0 |
|
|t Ľubovnianske noviny
|g Roč. XXXIV, č. 14 (2008), s. 2
|
| 852 |
|
|
|a SLLK
|b KIS3GCP
|
| 999 |
|
|
|c 2144014
|d 2145944
|